Southville International School and Colleges
Your cart is empty.
  • Cart
  • Lists
    Public lists Eva Luna New books Lux_list list_1
    Your lists Log in to create your own lists
  • Log in to your account
  • Your cookies
  • Search history
Southville International School and Colleges
  • Advanced search
  • Recent comments
  • Most popular
  • Libraries

Log in to your account

Log in with GOOGLE


If you do not have an external account, but do have a local account, you can still log in:

  1. Home
  2. MARC view: Live digital theatre :
Normal view MARC view ISBD view

Live digital theatre : (Record no. 366260)

[ view plain ]
MARC details
000 -LEADER
fixed length control field 01962nam a22002417a 4500
003 - CONTROL NUMBER IDENTIFIER
control field 0
005 - DATE AND TIME OF LATEST TRANSACTION
control field 20240919101200.0
008 - FIXED-LENGTH DATA ELEMENTS--GENERAL INFORMATION
fixed length control field 240919b xxu||||| |||| 00| 0 eng d
020 ## - INTERNATIONAL STANDARD BOOK NUMBER
International Standard Book Number 9781032231310
050 ## - LIBRARY OF CONGRESS CALL NUMBER
Classification number PN 2053
Item number .D86 2023
100 ## - MAIN ENTRY--PERSONAL NAME
Personal name Dunđerović, Aleksandar Sasha,
Relator term author.
245 ## - TITLE STATEMENT
Title Live digital theatre :
Remainder of title interdisciplinary performative pedagogies /
Statement of responsibility, etc Aleksandar Sasha Dunđerović.
260 ## - PUBLICATION, DISTRIBUTION, ETC. (IMPRINT)
Place of publication, distribution, etc New York, NY :
Name of publisher, distributor, etc Routledge,
Date of publication, distribution, etc 2023.
300 ## - PHYSICAL DESCRIPTION
Extent xix, 195 p. :
Other physical details ill. ;
Dimensions 23 cm.
504 ## - BIBLIOGRAPHY, ETC. NOTE
Bibliography, etc Includes bibliographical references and index.
520 ## - SUMMARY, ETC.
Summary, etc "Live Digital Theatre explores the experiences of Interdisciplinary Performing Arts practitioners working on digital performance and in particular live digital theatre. Collaborating with world-leading practitioners - Kolectiv Theatre (UK), Teatro Os Satyros (Brazil), and The Red Curtain International (India)- this study investigates the ways to bring live digital performance into theatre training and performance making. The idea of Interdisciplinary Performative Pedagogies is placed within the context of the exploration of live digital theatre and is used to understand creative practices and how can one learn from these practices. The book presents a pedagogical approach to contemporary practices in digital performance; from interdisciplinary live performance using digital technology, to live Zoom theatre, YouTube, mixed media recorded and live performance. The book also combines a series of case studies and pedagogical practices on live digital performance and intermedial theatre. This book will be of great interest to students and scholars in performing arts, digital arts, media, and gaming"-- Provided by publisher.
650 ## - SUBJECT ADDED ENTRY--TOPICAL TERM
Topical term or geographic name as entry element Theater
General subdivision Production and direction.
650 ## - SUBJECT ADDED ENTRY--TOPICAL TERM
Topical term or geographic name as entry element Theater
General subdivision Technological innovations.
650 ## - SUBJECT ADDED ENTRY--TOPICAL TERM
Topical term or geographic name as entry element Performing arts
General subdivision Technological innovations.
650 ## - SUBJECT ADDED ENTRY--TOPICAL TERM
Topical term or geographic name as entry element Digital media.
650 ## - SUBJECT ADDED ENTRY--TOPICAL TERM
Topical term or geographic name as entry element Technology and the arts.
942 ## - ADDED ENTRY ELEMENTS (KOHA)
Source of classification or shelving scheme Library of Congress Classification
Koha item type Books
Holdings
Withdrawn status Lost status Source of classification or shelving scheme Damaged status Home library Current library Shelving location Date acquired Source of acquisition Sub Shelving location Total Checkouts Full call number Barcode Date last seen Price effective from Koha item type
    Library of Congress Classification   College Library College Library Reserve Section 09/19/2024 Library Fund     PN 2053 .D86 2023 C23433 09/19/2024 09/19/2024 Books

Live digital theatre :

APA

Dunđerović A. S., . (2023). Live digital theatre. New York, NY: Routledge.

Chicago

Dunđerović Aleksandar Sasha, . 2023. Live digital theatre. New York, NY: Routledge.

Harvard

Dunđerović A. S., . (2023). Live digital theatre. New York, NY: Routledge.

MLA

Dunđerović Aleksandar Sasha, . Live digital theatre. New York, NY: Routledge. 2023.

  • Place hold
  • Print
  • Cite
  • Add to your cart (remove)
  • Save record
    BIBTEX Dublin Core MARCXML MARC (non-Unicode/MARC-8) MARC (Unicode/UTF-8) MARC (Unicode/UTF-8, Standard) MODS (XML) RIS
  • More searches
    Search for this title in:
    Other Libraries (WorldCat) Other Databases (Google Scholar) Online Stores (Bookfinder.com) Open Library (openlibrary.org)

Exporting to Dublin Core...

SOUTHVILLE LIBRARY

Southville International School and Colleges Library

1281 Tropical Ave. Cor. Luxembourg St., BF Homes International, Las Pinas City

Tel. No. 8256374 / 252358 Loc. 117/146

Powered by Koha